| 000 | 01494nam0a2200337 i 4500 | ||
|---|---|---|---|
| 001 | RU\NLR\bibl\1978386 | ||
| 005 | 20260408195131.0 | ||
| 010 |
_a9785771100821 _93000 |
||
| 021 |
_aRU _b2012-91415 _96764 |
||
| 035 | _a(NLR Aleph) 001967125 | ||
| 090 |
_a3905099 _c3905099 |
||
| 100 | _a20121211d2012 u y0rusy50 ca | ||
| 101 | 0 | _arus | |
| 102 | _aRU | ||
| 105 | _aa z 000zy | ||
| 200 | 1 |
_aПетербург _eот дома к дому... от легенды к легенде... _eпутеводитель _fН. А. Синдаловский |
|
| 210 |
_aСанкт-Петербург _cНоринт _d2012 |
||
| 215 |
_a397, [3] с. _cил. _d20 |
||
| 606 |
_aЗдания _xИстория _yСанкт-Петербург, город _jПутеводители _3RU\NLR\auth\661386378 _92317050 |
||
| 607 |
_aСанкт-Петербург, город _jПутеводители _xАрхитектура _91164142 _3RU\NLR\auth\66148477 |
||
| 607 |
_aСанкт-Петербург, город _jПутеводители _91114348 _3RU\NLR\auth\66440586 |
||
| 686 | _aЩ113(2Р=Рус)92Санкт-Петербург.я23 | ||
| 686 | _aД890(2Р31-4Ле-2)Санкт-Петербург.я23 | ||
| 686 | _aТ3(2-2СПб)я23 | ||
| 700 | 1 |
_4070 _aСиндаловский _bН. А. _f1935- _gНаум Александрович _3RU\NLR\auth\7766123 _949052 |
|
| 801 | 0 |
_aRU _bNLR _c20121211 _gRCR |
|
| 801 | 1 |
_aRU _bNLR _c20121211 |
|
| 942 | _cBOOK | ||
| 980 | _aNBR | ||